Vplyv priamych zahraničných investícií na ekonomický rast Slovenskej republiky
Vplyv priamych zahraničných investícií na ekonomický rast Slovenskej republiky. Výpočet existencie závislosti medzi HDP a PZI v ekonomike Slovenskej republiky pomocou korelačnej analýzy. Preskúmanie závislosti vplyvu PZI na HDP v Slovenskej republike regresnou analýzou.
Salvato in:
| Autore principale: | |
|---|---|
| Natura: | Capitolo di libro |
| Lingua: | slovacco |
| Soggetti: | |
| Tags: |
Nessun Tag, puoi essere il primo ad aggiungerne!!
|
MARC
| LEADER | 00000nla$a2200000$$$4500 | ||
|---|---|---|---|
| 001 | 0108342 | ||
| 005 | 20240502083253.5 | ||
| 041 | 0 | |a slo | |
| 044 | |a CZ | ||
| 245 | 1 | 0 | |a Vplyv priamych zahraničných investícií na ekonomický rast Slovenskej republiky |c Marcel Novák |
| 520 | |a Vplyv priamych zahraničných investícií na ekonomický rast Slovenskej republiky. Výpočet existencie závislosti medzi HDP a PZI v ekonomike Slovenskej republiky pomocou korelačnej analýzy. Preskúmanie závislosti vplyvu PZI na HDP v Slovenskej republike regresnou analýzou. | ||
| 610 | 2 | 0 | |a investície priame zahraničné |
| 610 | 2 | 0 | |a produkt domáci hrubý |
| 610 | 2 | 0 | |a rast hospodársky |
| 610 | 2 | 0 | |a analýzy |
| 610 | 2 | 0 | |a korelácia |
| 610 | 2 | 0 | |a regresia |
| 610 | 2 | 0 | |a matematika |
| 610 | 2 | 0 | |a Slovensko |
| 100 | 1 | |a Novák, Marcel, 1979- | |